| 000 | 00577nam a2200193Ia 4500 | ||
|---|---|---|---|
| 003 | SGT | ||
| 020 | _a9789812402332 | ||
| 082 |
_a658.4012 _bHIT |
||
| 100 | _aHitt, Michael A. | ||
| 245 | _aStrategic management : competitiveness and globalization | ||
| 250 | _a4th Ed. | ||
| 260 |
_bCengage Learning _aAutralia _c2001 |
||
| 300 | _aVp. | ||
| 650 | _aMANAGEMENT | ||
| 653 | _aSTRATEGIC MANAGEMENT INPUTS,STRATEGIC ACTIONS STRATEGY FORMULATION,STRATEGIC ACTIONS STRATEGY IMPLEMENTATION, | ||
| 700 | _aHoskisson, Robert E. | ||
| 700 | _aIreland, R. Duane | ||
| 942 |
_2ddc _cBK |
||
| 999 |
_c5670 _d5670 |
||